00345nam a2200145Ia 4500008004100000020001500041082001500056100001900071245002600090250000800116260002900124300000800153500002600161650001200187230524s9999 xx 000 0 und d a8131301620 a511.3bSIP aMichael Sipser 0aTheory of Computation a3RD aNEW DELHIbThomsonc2005 a396 aQuantity Number: 142 aComp-Sc